| 000 | 00541nam a2200217Ia 4500 | ||
|---|---|---|---|
| 003 | OSt | ||
| 005 | 20140403125917.0 | ||
| 008 | 140130s9999 xx 000 0 und d | ||
| 020 | _a059013003 | ||
| 050 |
_aPZ 7 _b.B772Val 1999 |
||
| 100 |
_aBourgeois, Paulette _923066 |
||
| 245 |
_cBourgeois, Paulette _aFranklin's Valentine / |
||
| 260 |
_bScholastic, _c1999. _aU.S.A : |
||
| 300 |
_a29 p. : _bcol. ill. ; _c23 cm. |
||
| 440 |
_v1 _930977 |
||
| 521 | _aG2 | ||
| 526 | _c330 | ||
| 942 |
_cBK _2lcc |
||
| 999 |
_c40155 _d40155 |
||